• 首页
  • 本馆介绍
  • 公告通知
  • 最新文献
  • 馆藏检索
  • 电子资源
  • 读者导购
  • 参考咨询
  • 我的图书馆
  • 登录
  • 详细信息显示
  • 放入我的书架
  • 预约/预借图书
  • 作者相关作品
  • 分类相关作品
  • 丛书相关作品
  • 出版社相关作品

书目信息

  • 表格格式
  • 工作单格式
  • 卡片格式
题名:
康定斯基
    
 
作者: 李惟妙 著
分册:  
出版信息: 北京   中国人民大学出版社  2004
页数: 143页
开本: 23cm
丛书名: 朗朗书房. 艺术世界ABC
单 册:
中图分类: J205.512
科图分类:
主题词:
电子资源:
ISBN: 7-300-05737-3
000 00942nam0 2200277 450
001 1238302533
005 20121019104304.84
010    @a7-300-05737-3@dCNY19.80
100    @a20070608d2004 em y0chiy0120 ea
101 0  @achi
102    @aCN@b110000
105    @aa z 000yd
200 1  @a康定斯基@AKang Ding Si Ji@f李惟妙著@FLi Wei Miao Zhu
210    @a北京@c中国人民大学出版社@d2004
215    @a143页@c图@d23cm
225 2  @a朗朗书房. 艺术世界ABC
300    @a本书介绍了现代抽象艺术理论与实践的奠基人康定斯基在写实风景、野兽时期、戏剧性时期等不同时期艺术历程。
308    @a艺术世界ABC第一辑
410  0 @12001 @a朗朗书房. 艺术世界ABC
510 1  @aKandinsky@zeng
600  0 @a康定斯基@g(Kandinsky, Wessily@f1866~1944)@x评传
600  0 @a康定斯基@g(Kandinsky, Wessily@f1866~1944)
690    @aJ205.512@v4
701  0 @a李惟妙@ALi Wei Miao@4著
801  0 @aCN@bTAOJIN@c20070608
905    @a10447@dJ205.512@eJY241
    
    康定斯基/李惟妙著.-北京:中国人民大学出版社,2004
    143页:图;23cm.-(朗朗书房. 艺术世界ABC)
    本书介绍了现代抽象艺术理论与实践的奠基人康定斯基在写实风景、野兽时期、戏剧性时期等不同时期艺术历程。
    
    ISBN 7-300-05737-3:CNY19.80
    
●
相关链接 在E读中查询图书 在五车中查询图书 在当当中查询图书 在豆瓣中查询图书


正题名:康定斯基     索取号:J205.512/JY241         预约/预借

序号 登录号 条形码 馆藏地/架位号 状态 备注
1 7833108   278331084   学院路分馆/ [索取号:J205.512/JY241] 在馆    
2 7833109   278331093   学院路分馆/ [索取号:J205.512/JY241] 在馆    
3 7833110   278331100   学院路分馆/ [索取号:J205.512/JY241] 在馆    
4 7833111   278331119   学院路分馆/ [索取号:J205.512/JY241] 在馆    
唐山师范学院图书馆 欢迎您!
大连网信软件有限公司© 版权所有